| 000 | 00611nam a2200193 i 4500 | ||
|---|---|---|---|
| 001 | 101883 | ||
| 003 | ES-MaACL | ||
| 005 | 20250730063119.0 | ||
| 007 | t| | ||
| 008 | 051026s1929 po ||||1| por d | ||
| 100 | 1 |
_aCorreia, A. A. Mendes, _d1888-1960 _940779 |
|
| 245 | 1 | 0 |
_aGeologia e antropologia em Portugal / _cA. A. Mendes Correia. |
| 260 |
_aLisboa : _b[s.n.], _c1929 ( _fImp. Nacional) |
||
| 300 |
_a28 p. : _bil. ; _c25 cm. |
||
| 650 |
_aGeología- _zPortugal. _9167306 |
||
| 650 | 4 |
_aAntropología física- _zPortugal. _9172395 |
|
| 852 |
_aES-MaACL _j1744-F-10 |
||
| 999 |
_c101883 _d101883 |
||